书目信息 |
| 题名: |
20世纪美苏十大出兵
|
|
| 作者: | 姜英 编著 | |
| 分册: | 4 | |
| 出版信息: | 呼和浩特 内蒙古人民出版社 2004 |
|
| 页数: | 421-581页 | |
| 开本: | 20cm | |
| 丛书名: | 世纪百战 | |
| 单 册: | ||
| 中图分类: | E371.29 | |
| 科图分类: | ||
| 主题词: | 军事 | |
| 电子资源: | ||
| ISBN: | 7-204-06418-6 | |
| 000 | 00640nam0 2200229 450 | |
| 001 | 0762659930 | |
| 005 | 20070730093450.57 | |
| 010 | @a7-204-06418-6@dCNY14.94 | |
| 100 | @a20070728d2004 km y0chiy0120 ea | |
| 101 | 0 | @achi |
| 102 | @aCN@b150000 | |
| 200 | 1 | @a20世纪美苏十大出兵@A20 shi ji mei su shi da chu bing@h4@f姜英编著@Fjiang ying bian zhu |
| 205 | @a2版 | |
| 210 | @a呼和浩特@c内蒙古人民出版社@d2004 | |
| 215 | @a421-581页@d20cm | |
| 225 | 2 | @a世纪百战 |
| 410 | 0 | @12001 @a世纪百战 |
| 606 | 0 | @a军事 |
| 690 | @aE371.29@v3 | |
| 701 | 0 | @a姜英@Ajiang ying@4编著 |
| 801 | 0 | @aCN@bPFT@c20070730 |
| 905 | @a10447@dE371.29@e66:4=2 | |
| 20世纪美苏十大出兵.4/姜英编著.-2版.-呼和浩特:内蒙古人民出版社,2004 |
| 421-581页;20cm.-(世纪百战) |
| ISBN 7-204-06418-6:CNY14.94 |
| ● |
| 相关链接 |
|
|
|
|
正题名:20世纪美苏十大出兵
索取号:E371.29/66:4=2
 
预约/预借
| 序号 | 登录号 | 条形码 | 馆藏地/架位号 | 状态 | 备注 |
| 1 | 0789705 | 207897052 | 第一样本阅览室/ [索取号:E371.29/66:4=2] | 在馆 | |
| 2 | 0789706 | 207897061 | 第一借阅区/ [索取号:E371.29/66:4=2] | 在馆 | |
| 3 | 0789707 | 207897070 | 第一借阅区/ [索取号:E371.29/66:4=2] | 在馆 | |
| 4 | 0789708 | 207897089 | 第一借阅区/ [索取号:E371.29/66:4=2] | 在馆 | |
| 5 | 0789709 | 207897098 | 第一借阅区/ [索取号:E371.29/66:4=2] | 在馆 |